000
00272nam a22001337a 4500
003
SGT
082
_a
616.07
_b
I19Y
100
_a
YADAV, SONI
245
_a
IMMUNOHISTOCHEMICAL EXPRESSION
260
_a
SGTU
_c
2019
300
_a
90
650
_a
PATHOLOGY
942
_2
ddc
_c
TH
999
_c
20532
_d
20532